000 00453nam a2200181Ia 4500
001 10191
005 20260306161813.0
008 260306t1980||||xx |||||||||||||| ||spa||
041 _aESP
082 _a909
_bA86
100 _aArocena, Luis A. [Coord.]
_eAUT
245 0 _aLa aventura del hombre en la historia:
_bhasta fines del siglo XVII
260 _c1980
300 _a
_c24 cm.
650 _aGEN
654 _aCHU
942 _cLIB
_dJUS
_fJUS
_2ddc
_n
999 _c10191
_d10191